Sanat - "Tämä taivas, tämä maa" - Jukka Kuoppamäki - Statistics

Yleistilastot
  • Tätä visaa on pelattu 74 kertaa
  • Keskiarvotulos 96 / 162
Vastaustilastot
Vastaus % Oikein
maa
96%
tämä
96%
on
91%
taivas
91%
ei
87%
ja
87%
pysyvää
83%
arvoa
78%
jää
78%
se
78%
Tääl
78%
soita
74%
pelloiksi
70%
täällä
70%
tätä
70%
voita
70%
kansaa
65%
korpia
65%
kuokittu
65%
raivattu
65%
sillä
65%
sukupolvelta
65%
toiselle
65%
vastukset
65%
jos
61%
kun
61%
maan
61%
aina
57%
kylvää
57%
kyntää
57%
leipään
57%
pettua
57%
pistää
57%
taipumaton
57%
kerran
52%
palkkansa
52%
saa
52%
sen
52%
sitkeä
52%
tarvitaan
52%
joka
48%
kultaisen
48%
pellot
48%
sadon
48%
Talvet
48%
uudestaan
48%
uurastus
48%
vaan
48%
ankarat
43%
hanki
43%
pitkät
43%
säällä
43%
sille
43%
tehtävä
43%
töitä
43%
vaikka
43%
kylmäkin
39%
ois
39%
peittelee
39%
sisu
39%
tuntematon
39%
antaa
35%
kestää
35%
pimeää
35%
soimaa
35%
Suomea
35%
aurinko
30%
katajaista
30%
köyhäksi
30%
kuitenkaan
30%
kukkii
30%
kunnes
30%
yön
30%
kevään
26%
taipuisi
26%
taitu
26%
tullen
26%
ajat
22%
alistaa
22%
ihminen
22%
josta
22%
muualla
22%
puutetta
22%
saatu
22%
voimaa
22%
voimia
22%
yöt
22%
hallitsee
17%
lumoaa
17%
pohjolan
17%
silloin
17%
Synnyinlahjaksi
17%
tien
17%
valkeat
17%
valon
17%
versovat
17%
harmajan
13%
kautta
13%
kiven
13%
puhkaisee
13%
ruohot
13%
vaikeatkin
13%
Ehtoja vastaavia visoja ei löytynyt
Tulosjakauma
Jokaisen tuloksen saaneiden osuus
Persentiili vastausten määrän mukaan
Tuloshistoriasi
Et ole pelannut tätä visaa